00436nam a2200193Ia 4500003000900000008004100009040001300050040001300063041000800076100002100084245006300105250000900168260001800177260000900195300001100204300001000215490000900225490000800234IT-RoPAU120407s9999 xx 000 0 und d aIT-RoPAU cIT-RoPAU aita aViktor E. Frankl aUn significato per l’esistenza. Psicoterapia e umanismo. aRoma aCittà Nuova c1983 a195 p. c18 cm aIdee v160